|
|
|
|
| LEADER |
00000nam a2200000 a 4500 |
| 001 |
vtls008621337 |
| 003 |
SK-MaSNL |
| 005 |
20260301165359.0 |
| 008 |
240314s2005 xo dl d p 000 0 slo |
| 015 |
|
|
|a SNBA2006/03-01683
|
| 020 |
|
|
|a 8070975989
|q (brož.)
|
| 035 |
|
|
|a B5014C5C-F062-48B4-A8D9-4AB11B0A2B40
|
| 035 |
|
|
|a urn:nbn:sk:snk-amkst0
|
| 035 |
|
|
|a urn:nbn:sk:snk-am00578c
|
| 040 |
|
|
|a SNK
|b slo
|c SNK
|e AACR2
|
| 041 |
0 |
|
|a slo
|
| 044 |
|
|
|a xo
|c SK
|
| 072 |
|
7 |
|a 519
|x Kombinatorika. Teória grafov. Matematická štatistika. Operačný výskum. Matematické modelovanie
|2 konspekt
|
| 072 |
|
7 |
|a 37.016
|x Učebné osnovy. Vyučovacie predmety. Učebnice
|2 konspekt
|
| 080 |
|
|
|a (075.8)
|2 2001
|
| 080 |
|
|
|a (076.1)
|2 2001
|
| 080 |
|
|
|a 519.22
|2 2001
|
| 100 |
1 |
|
|a Skřivánková, Valéria,
|d 1952-
|4 aut
|9 205850
|
| 245 |
1 |
0 |
|a Štatistika v príkladoch
|c Valéria Skřivánková, Martina Hančová
|
| 250 |
|
|
|a 1. vyd.
|
| 260 |
|
|
|a V Košiciach
|b Univerzita Pavla Jozefa Šafárika
|c 2005
|
| 300 |
|
|
|a 112 s.
|b grafy, tab.
|c 30 cm
|
| 490 |
1 |
|
|a Vysokoškolské učebné texty
|
| 504 |
|
|
|a Bibliogr. s. 111-112
|
| 506 |
|
|
|a 500 výtl.
|
| 650 |
0 |
7 |
|a matematická štatistika
|2 SNKPH
|9 777
|
| 655 |
|
7 |
|a učebnice vysokých škôl
|2 SNKPH
|9 70191
|
| 655 |
|
7 |
|a pracovné zošity
|2 SNKPH
|9 70188
|
| 700 |
1 |
|
|a Hančová, Martina
|4 aut
|9 534061
|
| 752 |
|
|
|a Slovensko
|d Košice
|
| 810 |
2 |
|
|a Univerzita Pavla Jozefa Šafárika v Košiciach.
|b Prírodovedecká fakulta
|t Vysokoškolské učebné texty
|9 276705
|
| 919 |
|
|
|a 80-7097-598-9
|
| 968 |
|
|
|d 51
|
| 999 |
|
|
|c 823980
|d 825910
|
| 952 |
|
|
|a SNK
|b SNK
|y PREZ
|7 0
|p 17A0496863
|o snkSB 71730
|i snk2006/2627
|8 0
|0 0
|1 0
|4 0
|d 2006-02-09
|l 0
|r 2025-04-24 00:00:00
|w 2026-02-24
|
| 952 |
|
|
|a SNK
|b SNK
|y VYP
|7 0
|p 17A0496864
|o snkSB 71730 D1
|i snk2006/2628
|8 0
|0 0
|1 0
|4 0
|d 2006-02-09
|f 1
|l 0
|r 2016-06-30 00:00:00
|w 2026-02-24
|